Valar Names - Statistics

General Stats
  • This quiz has been taken 16 times
  • The average score is 14 of 15
Answer Stats
Answer % Correct
Aulë
100%
Manwë
100%
Námo
100%
Nienna
100%
Oromë
100%
Varda
100%
Yavanna
100%
Estë
92%
Tulkas
92%
Ulmo
92%
Irmo
83%
Nessa
83%
Melkor
75%
Vairë
75%
Vána
75%
No matching quizzes found
Score Distribution
Percent of People with Each Score
Percentile by Number Answered
Your Score History
You have not taken this quiz